Pohľad z praxe na prepravnú spoločnosť DCK Doprava, s. r. o.

Jednotlivé ekonomické ukazovatele, ktoré sú aplikované na okres Stará Ľubovňa, ktorá je súčasťou Prešovského kraja, ktorý sa nachádza na východe Slovenska. Z ekonomických ukazovateľov bližšie popísané - počet obyvateľov, hustota obyvateľstva, hrubý domáci produkt, inflácia či nezamestnanosť. Sledova...

Ausführliche Beschreibung

Gespeichert in:
Bibliographische Detailangaben
1. Verfasser: Kopčáková, Janka, 1994-
Format: Buchkapitel
Sprache:Slowakisch
Schlagworte:
Tags: Tag hinzufügen
Keine Tags, Fügen Sie das erste Tag hinzu!

MARC

LEADER 00000naa a2200000 4500
001 0261362
005 20240502074143.5
041 0 |a slo 
044 |a SK 
245 1 0 |a Pohľad z praxe na prepravnú spoločnosť DCK Doprava, s. r. o.  |c Janka Kopčáková 
520 |a Jednotlivé ekonomické ukazovatele, ktoré sú aplikované na okres Stará Ľubovňa, ktorá je súčasťou Prešovského kraja, ktorý sa nachádza na východe Slovenska. Z ekonomických ukazovateľov bližšie popísané - počet obyvateľov, hustota obyvateľstva, hrubý domáci produkt, inflácia či nezamestnanosť. Sledovanie nezamestnanosti, ktorá vyjadruje ekonomickú nerovnováhu na trhu práce medzi dopytom po práci a ponukou práce. Bližšie popísaná spoločnosť, ktorá patrí medzi malé astredné podniky 
610 2 0 |a ukazovatele ekonomické 
610 2 0 |a Slovensko 
610 2 0 |a doprava 
610 2 0 |a spoločnosti s r.o. 
610 2 0 |a nezamestnanosť 
100 1 |a Kopčáková, Janka, 1994-